| 000 | 01580cam a22003378i 4500 | ||
|---|---|---|---|
| 001 | 21240978 | ||
| 003 | OSt | ||
| 005 | 20250610103146.0 | ||
| 006 | m |o d | | ||
| 007 | cr ||||||||||| | ||
| 008 | 191010s2021 nyu job 001 0 eng | ||
| 010 | _a 2019046437 | ||
| 020 | _a9789355324948 | ||
| 040 |
_aDLC _beng _cDLC _erda |
||
| 042 | _apcc | ||
| 050 | 0 | 0 | _aHD30.28 |
| 082 | 0 | 0 |
_a658.4012 _bROT/S |
| 100 | 1 |
_aRothaermel, Frank T. _eauthor. _910528 |
|
| 245 | 1 | 0 |
_aStrategic management / _cFrank T. Rothaermel. |
| 250 | _aFifth edition. | ||
| 263 | _a2001 | ||
| 264 | 1 |
_aNew York, NY : _bMcGraw-Hill Education, _c2021. |
|
| 300 | _a544 pages | ||
| 504 | _aIncludes bibliographical references and index. | ||
| 520 |
_a"Strategic Management brings conceptual frameworks to life via examples that cover products and services from companies with which students are familiar, such as Facebook, Google, Tesla, Starbucks, Apple, McDonald's, Disney, Airbnb, and Uber. Liberal use of such examples aids in making strategy relevant to students' lives and helps them internalize strategy concepts and frameworks"-- _cProvided by publisher. |
||
| 588 | _aDescription based on print version record and CIP data provided by publisher; resource not viewed. | ||
| 650 | 0 | _aStrategic planning. | |
| 650 | 0 | _aManagement. | |
| 776 | 0 | 8 |
_iPrint version: _aRothaermel, Frank T.. _tStrategic management _bFifth edition. _dNew York, NY : McGraw-Hill Education, 2021. _z9781264103799 _w(DLC) 2019046436 |
| 942 |
_2ddc _cBK _h658.4012 _iROT/S _k658.4012 _mROT/S |
||
| 999 |
_c44492 _d44492 |
||